| 000 | 00454nam a22001577a 4500 | ||
|---|---|---|---|
| 999 |
_c17635 _d17635 |
||
| 003 | OSt | ||
| 005 | 20221118142652.0 | ||
| 008 | 221118b ||||| |||| 00| 0 eng d | ||
| 040 | _c0 | ||
| 100 |
_aEnano, Jhesset O. & Aurelio, Julie M. _946841 |
||
| 245 | _aCHR urges senate to approve bill to protect lawyers / | ||
| 260 |
_aPhilippines : _bPhilippine Daily Inquirer, _cMarch 2, 2022. |
||
| 300 | _apage A6. | ||
| 650 |
_aLaw. _946842 |
||
| 942 |
_2ddc _cPER |
||